20 Comuni per 20 Regioni - Statistics

Statistiche generali
  • Questo quiz è stato fatto 118 volte
  • Il punteggio medio è 8 su 20
Statistiche sulle risposte
Hint Risposta % Corretto
Gallipoli Puglia
99%
Bassano del Grappa Veneto
85%
Alba Piemonte
71%
Norcia Umbria
70%
Saronno Lombardia
63%
Chiavari Liguria
52%
Amatrice Lazio
49%
Follonica Toscana
47%
Bagheria Sicilia
38%
Cogne Valle d'Aosta
38%
Policoro Basilicata
37%
Budrio Emilia Romagna
27%
Latisana Friuli Venezia Giulia
23%
Assemini Sardegna
22%
Offida Marche
21%
Venafro Molise
18%
Ora Trentino Alto Adige
18%
Montefino Abruzzo
16%
Sersale Calabria
10%
Bellizzi Campania
10%
Nessun quiz corrispondente trovato
Distribuzione punteggi
Percentuale di utenti per punteggio
Percentile per numero di risposta
I tuoi punteggi nel tempo
Non hai fatto questo quiz